Ethno-agronomy or agro-ethnology? Reflections on a study of village rubber plantations in South-east Thailand (Record no. 58855)

MARC details
000 -LEADER
fixed length control field 00528nam a2200181Ia 4500
100 ## - MAIN ENTRY--AUTHOR NAME
Personal name Roux P Le
245 #0 - TITLE STATEMENT
Title Ethno-agronomy or agro-ethnology? Reflections on a study of village rubber plantations in South-east Thailand
260 ## - PUBLICATION, DISTRIBUTION, ETC. (IMPRINT)
Name of publisher Cahiers de la Recherche Developpement
Year of publication 1991
300 ## - PHYSICAL DESCRIPTION
Number of Pages 64-71
500 ## - GENERAL NOTE
General note Source Year: 1992
650 ## - SUBJECT ADDED ENTRY--TOPICAL TERM
Topical Term Agronomy
650 ## - SUBJECT ADDED ENTRY--TOPICAL TERM
Topical Term Ethnology
650 ## - SUBJECT ADDED ENTRY--TOPICAL TERM
Topical Term Rubber plantation
700 ## - ADDED ENTRY--PERSONAL NAME
Personal name Ivanoff J
856 ## - ELECTRONIC LOCATION AND ACCESS
Uniform Resource Identifier WAERS
942 ## - ADDED ENTRY ELEMENTS (KOHA)
Koha item type Journals
Holdings
Withdrawn status Lost status Damaged status Not for loan Home library Current library Shelving location Date acquired Serial Enumeration / chronology Koha item type
      Journals RRII Library RRII Library Agricultural economics 17/12/2021 Volume Nil, Issue 30 Journals